000 00393nam a2200133Ia 4500
008 191206s9999 xx 000 0 und d
020 _a9780300116700 (v. 1)
090 _aN6761.H57
245 0 _ahistory of British art
260 _aYale Center for British Art
260 _ccc2008
300 _a"3 v. : ill. (chiefly col.), maps, plans, ports. ;"
999 _c16166
_d16166